| 000 | 00716cab a2200229 4500 | ||
|---|---|---|---|
| 001 | WB3432-06 | ||
| 008 | 090401t1998 xxu||||| |||| 00| 0 eng d | ||
| 035 | _a(Sirsi) u88074 | ||
| 041 | _aeng | ||
| 245 | _aWhite asbestos ban | ||
| 260 | _c1998 | ||
| 350 | _a0 | ||
| 490 |
_aFinancial Times _v19 August 1998, 9 |
||
| 490 |
_aHSE News Release _v(231) 21 August 1998 (2) |
||
| 520 | _aThe Health and Safety Commission is to publish a consultation paper proposing a ban on the supply, use and importation of white asbestos from 2001. | ||
| 650 | _aASBESTOSIS | ||
| 650 | _aHEALTH HAZARDS | ||
| 650 | _aWHITE ASBESTOS | ||
| 690 | _aBUILT ENVIRONMENT-BUILDING PATHOLOGY | ||
| 942 | _n0 | ||
| 948 | _c20/08/1998 | ||
| 999 |
_c55625 _d55625 |
||